[Event "ODJM A 2024"]
[Site "Willingen GER"]
[Date "2024.05.21"]
[Round "4"]
[White "Stiehler, Daniel"]
[Black "Longo, Massimo"]
[Result "0-1"]
[Termination "normal"]
[Board "27"]
[WhiteElo "1923"]
[BlackElo "1945"]
[WhiteClock "01:05:57"]
[BlackClock "00:26:39"]
[PlyCount "52"]
[WhiteFideId "34604863"]
[BlackFideId "16205227"]
[EventCountry "GER"]
[EventRounds "9"]
[EventType "swiss"]
[EventDate "2024.05.18"]

1. e4 {[%clk 01:30:57]} {[%emt 00:00:02]} e6 {[%clk 01:30:56]} {[%emt
00:00:05]} 2. d4 {[%clk 01:31:23]} {[%emt 00:00:05]} d5 {[%clk 01:31:20]}
{[%emt 00:00:05]} 3. Nc3 {[%clk 01:31:48]} {[%emt 00:00:05]} Nf6 {[%clk
01:31:44]} {[%emt 00:00:06]} 4. e5 {[%clk 01:32:13]} {[%emt 00:00:04]} Nfd7
{[%clk 01:32:10]} {[%emt 00:00:05]} 5. Nce2 {[%clk 01:32:36]} {[%emt 00:00:07]}
c5 {[%clk 01:32:22]} {[%emt 00:00:18]} 6. c3 {[%clk 01:33:00]} {[%emt
00:00:06]} Nc6 {[%clk 01:32:36]} {[%emt 00:00:17]} 7. f4 {[%clk 01:33:20]}
{[%emt 00:00:09]} b5 {[%clk 01:32:35]} {[%emt 00:00:31]} 8. a3 {[%clk
01:33:42]} {[%emt 00:00:07]} a5 {[%clk 01:27:15]} {[%emt 00:05:50]} 9. Nf3
{[%clk 01:33:07]} {[%emt 00:01:05]} Qb6 {[%clk 01:23:32]} {[%emt 00:04:14]} 10.
g3 {[%clk 01:32:32]} {[%emt 00:01:03]} Ba6 {[%clk 01:22:01]} {[%emt 00:02:03]}
11. Be3 {[%clk 01:28:28]} {[%emt 00:04:28]} b4 {[%clk 01:15:52]} {[%emt
00:06:44]} 12. Rb1 {[%clk 01:24:50]} {[%emt 00:04:06]} Rb8 {[%clk 01:14:43]}
{[%emt 00:01:41]} 13. Rc1 {[%clk 01:19:52]} {[%emt 00:05:27]} bxa3 {[%clk
01:12:03]} {[%emt 00:03:12]} 14. bxa3 {[%clk 01:19:26]} {[%emt 00:00:56]} Qb2
{[%clk 00:53:13]} {[%emt 00:19:19]} 15. Qa4 {[%emt 00:03:59]} Bb5 {[%clk
00:50:39]} {[%emt 00:03:03]} 16. Qc2 {[%clk 01:15:51]} {[%emt 00:00:36]} Qxa3
{[%clk 00:43:35]} {[%emt 00:07:35]} 17. Kf2 {[%clk 01:12:01]} {[%emt 00:04:17]}
Ba4 {[%clk 00:40:44]} {[%emt 00:03:23]} 18. Qd2 {[%clk 01:11:57]} {[%emt
00:00:35]} Rb2 {[%clk 00:40:53]} {[%emt 00:00:21]} 19. Qe1 {[%clk 01:12:15]}
{[%emt 00:00:11]} Bb5 {[%clk 00:37:24]} {[%emt 00:04:00]} 20. Rb1 {[%clk
01:10:10]} {[%emt 00:02:33]} cxd4 {[%clk 00:34:07]} {[%emt 00:03:50]} 21. Nfxd4
{[%clk 01:07:17]} {[%emt 00:03:22]} Nxd4 {[%clk 00:34:12]} {[%emt 00:00:25]}
22. cxd4 {[%clk 01:07:27]} {[%emt 00:00:20]} Bb4 {[%clk 00:32:12]} {[%emt
00:02:30]} 23. Qc1 {[%clk 01:07:10]} {[%emt 00:00:46]} Rxb1 {[%clk 00:32:32]}
{[%emt 00:00:11]} 24. Qxb1 {[%clk 01:07:15]} {[%emt 00:00:24]} Bd3 {[%clk
00:30:36]} {[%emt 00:02:27]} 25. Qd1 {[%clk 01:07:12]} {[%emt 00:00:32]} Be4
{[%clk 00:30:50]} {[%emt 00:00:17]} 26. Rg1 {[%clk 01:05:57]} {[%emt 00:01:45]}
O-O {[%clk 00:26:39]} {[%emt 00:04:42]} 0-1

[Event "ODJM A 2024"]
[Site "Willingen GER"]
[Date "2024.05.21"]
[Round "4"]
[White "Holzwarth, Felix"]
[Black "Mainka, Ingmar"]
[Result "1-0"]
[Termination "normal"]
[Board "28"]
[WhiteElo "1976"]
[BlackElo "1879"]
[WhiteClock "00:20:11"]
[BlackClock "00:20:47"]
[PlyCount "75"]
[WhiteFideId "34621377"]
[BlackFideId "16254937"]
[EventCountry "GER"]
[EventRounds "9"]
[EventType "swiss"]
[EventDate "2024.05.18"]

1. d4 {[%clk 01:30:40]} {[%emt 00:00:20]} c5 {[%clk 01:30:57]} {[%emt
00:00:03]} 2. d5 {[%clk 01:23:49]} {[%emt 00:07:21]} e5 {[%clk 01:31:22]}
{[%emt 00:00:04]} 3. e4 {[%clk 01:21:17]} {[%emt 00:03:02]} d6 {[%clk
01:31:48]} {[%emt 00:00:05]} 4. Nc3 {[%clk 01:20:15]} {[%emt 00:01:32]} Nf6
{[%clk 01:32:08]} {[%emt 00:00:09]} 5. f4 {[%clk 01:10:45]} {[%emt 00:10:01]}
Nbd7 {[%clk 01:19:10]} {[%emt 00:13:28]} 6. Nf3 {[%clk 01:10:02]} {[%emt
00:01:12]} Be7 {[%clk 01:10:27]} {[%emt 00:09:13]} 7. fxe5 {[%clk 01:00:53]}
{[%emt 00:09:39]} Nxe5 {[%clk 01:10:06]} {[%emt 00:00:52]} 8. Nxe5 {[%clk
00:57:29]} {[%emt 00:03:54]} dxe5 {[%clk 01:10:34]} {[%emt 00:00:01]} 9. Be2
{[%clk 00:56:21]} {[%emt 00:01:38]} a6 {[%clk 01:10:16]} {[%emt 00:00:49]} 10.
a4 {[%clk 00:56:28]} {[%emt 00:00:23]} O-O {[%clk 01:09:10]} {[%emt 00:01:36]}
11. O-O {[%clk 00:56:40]} {[%emt 00:00:17]} h6 {[%clk 01:08:42]} {[%emt
00:00:58]} 12. Qe1 {[%clk 00:56:35]} {[%emt 00:00:35]} Nh7 {[%clk 00:45:55]}
{[%emt 00:23:18]} 13. Qg3 {[%clk 00:55:27]} {[%emt 00:01:38]} Qd6 {[%clk
00:46:23]} {[%emt 00:00:02]} 14. Bd3 {[%clk 00:40:32]} {[%emt 00:15:26]} Bg5
{[%clk 00:45:02]} {[%emt 00:01:51]} 15. Rf2 {[%clk 00:38:36]} {[%emt 00:02:26]}
Bd7 {[%clk 00:39:26]} {[%emt 00:06:06]} 16. Bxg5 {[%clk 00:34:12]} {[%emt
00:04:53]} Nxg5 {[%clk 00:39:53]} {[%emt 00:00:03]} 17. Raf1 {[%clk 00:34:10]}
{[%emt 00:00:32]} Rac8 {[%clk 00:25:51]} {[%emt 00:14:31]} 18. b3 {[%clk
00:33:26]} {[%emt 00:01:15]} Rc7 {[%clk 00:25:39]} {[%emt 00:00:42]} 19. a5
{[%clk 00:32:30]} {[%emt 00:01:26]} Be8 {[%clk 00:22:44]} {[%emt 00:03:25]} 20.
h4 {[%clk 00:32:02]} {[%emt 00:00:59]} Nh7 {[%clk 00:23:09]} {[%emt 00:00:04]}
21. Nd1 {[%clk 00:32:27]} {[%emt 00:00:05]} Qg6 {[%clk 00:19:57]} {[%emt
00:03:42]} 22. Qxe5 {[%clk 00:30:51]} {[%emt 00:02:06]} Rc8 {[%clk 00:19:24]}
{[%emt 00:01:03]} 23. Rf3 {[%clk 00:24:14]} {[%emt 00:07:06]} f6 {[%clk
00:19:28]} {[%emt 00:00:26]} 24. Qe6+ {[%clk 00:23:51]} {[%emt 00:00:53]} Bf7
{[%clk 00:19:57]} {[%emt 00:00:02]} 25. Qh3 {[%clk 00:24:15]} {[%emt 00:00:06]}
Rcd8 {[%clk 00:17:44]} {[%emt 00:02:43]} 26. e5 {[%clk 00:23:31]} {[%emt
00:01:14]} Qh5 {[%clk 00:18:13]} {[%emt 00:00:01]} 27. Rf5 {[%clk 00:23:13]}
{[%emt 00:00:48]} g5 {[%clk 00:18:23]} {[%emt 00:00:20]} 28. e6 {[%clk
00:22:42]} {[%emt 00:01:01]} Be8 {[%clk 00:18:11]} {[%emt 00:00:42]} 29. e7
{[%clk 00:22:40]} {[%emt 00:00:33]} Bd7 {[%clk 00:18:39]} {[%emt 00:00:01]} 30.
exd8=Q {[%clk 00:22:38]} {[%emt 00:00:46]} Rxd8 {[%clk 00:19:06]} {[%emt
00:00:04]} 31. hxg5 {[%clk 00:22:14]} {[%emt 00:00:54]} Qxh3 {[%clk 00:19:17]}
{[%emt 00:00:19]} 32. gxh3 {[%clk 00:22:42]} {[%emt 00:00:02]} Bxf5 {[%clk
00:19:38]} {[%emt 00:00:10]} 33. Rxf5 {[%clk 00:22:47]} {[%emt 00:00:24]} Nxg5
{[%clk 00:20:03]} {[%emt 00:00:05]} 34. Rxf6 {[%clk 00:22:43]} {[%emt
00:00:34]} Re8 {[%clk 00:19:34]} {[%emt 00:00:59]} 35. Kg2 {[%clk 00:20:24]}
{[%emt 00:02:48]} Re7 {[%clk 00:20:00]} {[%emt 00:00:05]} 36. Rxh6 {[%clk
00:20:13]} {[%emt 00:00:40]} Nf7 {[%clk 00:20:29]} {[%emt 00:00:03]} 37. Re6
{[%clk 00:19:57]} {[%emt 00:00:40]} Rd7 {[%clk 00:20:47]} {[%emt 00:00:16]} 38.
Ne3 {[%clk 00:20:11]} {[%emt 00:00:16]} 1-0

[Event "ODJM A 2024"]
[Site "Willingen GER"]
[Date "2024.05.21"]
[Round "4"]
[White "Direk, Oguzhan"]
[Black "Brandl, Lea Maria"]
[Result "0-1"]
[Termination "normal"]
[Board "29"]
[WhiteElo "1767"]
[BlackElo "1920"]
[WhiteClock "00:32:56"]
[BlackClock "00:17:04"]
[PlyCount "78"]
[WhiteFideId "16294343"]
[BlackFideId "24693049"]
[EventCountry "GER"]
[EventRounds "9"]
[EventType "swiss"]
[EventDate "2024.05.18"]

1. d4 {[%clk 01:30:57]} {[%emt 00:00:03]} Nf6 {[%clk 01:30:51]} {[%emt
00:00:09]} 2. Nc3 {[%clk 01:30:26]} {[%emt 00:01:01]} d5 {[%clk 01:30:51]}
{[%emt 00:00:30]} 3. Bf4 {[%clk 01:30:47]} {[%emt 00:00:08]} c6 {[%clk
01:30:32]} {[%emt 00:00:50]} 4. e3 {[%clk 01:31:11]} {[%emt 00:00:05]} Bf5
{[%clk 01:28:37]} {[%emt 00:02:25]} 5. f3 {[%clk 01:28:12]} {[%emt 00:03:29]}
e6 {[%clk 01:26:16]} {[%emt 00:02:52]} 6. g4 {[%clk 01:28:34]} {[%emt
00:00:07]} Bg6 {[%clk 01:26:41]} {[%emt 00:00:06]} 7. h4 {[%clk 01:28:59]}
{[%emt 00:00:04]} h5 {[%clk 01:26:50]} {[%emt 00:00:22]} 8. g5 {[%clk
01:29:23]} {[%emt 00:00:06]} Nfd7 {[%clk 01:26:06]} {[%emt 00:01:14]} 9. Nh3
{[%clk 01:29:48]} {[%emt 00:00:05]} Nb6 {[%clk 01:21:57]} {[%emt 00:04:39]} 10.
Bh2 {[%clk 01:25:08]} {[%emt 00:05:08]} Bd6 {[%clk 01:20:36]} {[%emt 00:01:52]}
11. Nf4 {[%clk 01:24:22]} {[%emt 00:01:15]} Bxf4 {[%clk 01:17:02]} {[%emt
00:04:05]} 12. Bxf4 {[%clk 01:24:18]} {[%emt 00:00:34]} Qe7 {[%clk 01:15:30]}
{[%emt 00:02:02]} 13. a3 {[%clk 01:20:14]} {[%emt 00:04:35]} N8d7 {[%clk
01:15:14]} {[%emt 00:00:47]} 14. Kf2 {[%clk 01:18:33]} {[%emt 00:02:11]} O-O
{[%clk 01:09:18]} {[%emt 00:06:26]} 15. Bd3 {[%clk 01:11:33]} {[%emt 00:07:29]}
Bxd3 {[%clk 01:04:50]} {[%emt 00:04:58]} 16. cxd3 {[%clk 01:10:31]} {[%emt
00:01:32]} e5 {[%clk 00:47:09]} {[%emt 00:18:12]} 17. dxe5 {[%clk 01:01:57]}
{[%emt 00:09:03]} Nxe5 {[%clk 00:47:35]} {[%emt 00:00:04]} 18. Bxe5 {[%clk
01:02:25]} {[%emt 00:00:02]} Qxe5 {[%clk 00:48:02]} {[%emt 00:00:03]} 19. f4
{[%clk 01:02:51]} {[%emt 00:00:04]} Qf5 {[%clk 00:48:23]} {[%emt 00:00:09]} 20.
Qxh5 {[%clk 01:03:09]} {[%emt 00:00:12]} Qxd3 {[%clk 00:48:44]} {[%emt
00:00:09]} 21. Rae1 {[%clk 01:02:10]} {[%emt 00:01:29]} Rfe8 {[%clk 00:45:04]}
{[%emt 00:04:11]} 22. Qf3 {[%clk 00:59:39]} {[%emt 00:02:55]} Kf8 {[%clk
00:38:46]} {[%emt 00:06:54]} 23. Rh3 {[%clk 00:53:50]} {[%emt 00:06:18]} d4
{[%clk 00:35:15]} {[%emt 00:04:02]} 24. Nd1 {[%clk 00:50:19]} {[%emt 00:04:01]}
Nc4 {[%clk 00:31:37]} {[%emt 00:04:08]} 25. h5 {[%clk 00:47:11]} {[%emt
00:03:37]} Re6 {[%clk 00:28:44]} {[%emt 00:03:24]} 26. h6 {[%clk 00:45:31]}
{[%emt 00:02:10]} gxh6 {[%clk 00:28:35]} {[%emt 00:00:39]} 27. Rxh6 {[%clk
00:40:53]} {[%emt 00:05:08]} Rae8 {[%clk 00:28:09]} {[%emt 00:00:56]} 28. Rh8+
{[%clk 00:41:09]} {[%emt 00:00:13]} Ke7 {[%clk 00:27:58]} {[%emt 00:00:42]} 29.
Rxe8+ {[%clk 00:40:03]} {[%emt 00:01:36]} Kxe8 {[%clk 00:28:24]} {[%emt
00:00:04]} 30. Qe2 {[%clk 00:36:58]} {[%emt 00:03:35]} Qb3 {[%clk 00:24:20]}
{[%emt 00:04:34]} 31. f5 {[%clk 00:35:50]} {[%emt 00:01:39]} Re5 {[%clk
00:22:47]} {[%emt 00:02:04]} 32. e4 {[%clk 00:34:22]} {[%emt 00:01:58]} d3
{[%clk 00:19:58]} {[%emt 00:03:18]} 33. Qh5 {[%clk 00:34:06]} {[%emt 00:00:46]}
d2 {[%clk 00:18:56]} {[%emt 00:01:32]} 34. Rh1 {[%clk 00:33:52]} {[%emt
00:00:43]} Rxe4 {[%clk 00:18:44]} {[%emt 00:00:42]} 35. g6 {[%clk 00:33:43]}
{[%emt 00:00:39]} Ne5 {[%clk 00:16:02]} {[%emt 00:03:12]} 36. g7 {[%clk
00:33:32]} {[%emt 00:00:41]} Ng4+ {[%clk 00:16:03]} {[%emt 00:00:29]} 37. Kg2
{[%clk 00:32:16]} {[%emt 00:01:45]} Re2+ {[%clk 00:16:17]} {[%emt 00:00:17]}
38. Kf1 {[%clk 00:32:42]} {[%emt 00:00:03]} Qf3+ {[%clk 00:16:40]} {[%emt
00:00:07]} 39. Kg1 {[%clk 00:32:56]} {[%emt 00:00:15]} Qg2# {[%clk 00:17:04]}
{[%emt 00:00:06]} 0-1

[Event "ODJM A 2024"]
[Site "Willingen GER"]
[Date "2024.05.21"]
[Round "4"]
[White "Matthes, Benjamin"]
[Black "Mörke, Niklas"]
[Result "0-1"]
[Termination "normal"]
[Board "30"]
[WhiteElo "1963"]
[BlackElo "1879"]
[WhiteClock "00:06:02"]
[BlackClock "00:33:24"]
[PlyCount "104"]
[WhiteFideId "16227298"]
[BlackFideId "12982350"]
[EventCountry "GER"]
[EventRounds "9"]
[EventType "swiss"]
[EventDate "2024.05.18"]

1. e4 {[%clk 01:30:26]} {[%emt 00:00:33]} e5 {[%clk 01:30:55]} {[%emt
00:00:05]} 2. Nf3 {[%clk 01:30:47]} {[%emt 00:00:10]} Nc6 {[%clk 01:31:20]}
{[%emt 00:00:05]} 3. Bc4 {[%clk 01:31:01]} {[%emt 00:00:15]} Bc5 {[%clk
01:31:43]} {[%emt 00:00:07]} 4. c3 {[%clk 01:30:46]} {[%emt 00:00:45]} Nf6
{[%clk 01:31:10]} {[%emt 00:01:02]} 5. d4 {[%clk 01:31:01]} {[%emt 00:00:15]}
exd4 {[%clk 01:31:28]} {[%emt 00:00:12]} 6. e5 {[%clk 01:29:40]} {[%emt
00:01:52]} Qe7 {[%clk 01:25:44]} {[%emt 00:06:13]} 7. O-O {[%clk 01:08:26]}
{[%emt 00:21:45]} Nxe5 {[%clk 01:20:02]} {[%emt 00:06:12]} 8. Nxe5 {[%clk
00:56:36]} {[%emt 00:12:19]} Qxe5 {[%clk 01:20:13]} {[%emt 00:00:18]} 9. Re1
{[%clk 00:40:55]} {[%emt 00:16:12]} Ne4 {[%clk 01:15:19]} {[%emt 00:05:24]} 10.
Bxf7+ {[%clk 00:41:18]} {[%emt 00:00:08]} Kxf7 {[%clk 01:12:23]} {[%emt
00:03:26]} 11. Qf3+ {[%clk 00:40:56]} {[%emt 00:00:52]} Qf6 {[%clk 01:09:32]}
{[%emt 00:03:21]} 12. Qxe4 {[%clk 00:41:18]} {[%emt 00:00:08]} d6 {[%clk
01:08:38]} {[%emt 00:01:25]} 13. b4 {[%clk 00:29:54]} {[%emt 00:11:55]} Bb6
{[%clk 01:06:18]} {[%emt 00:02:50]} 14. Bb2 {[%clk 00:29:53]} {[%emt 00:00:31]}
d3 {[%clk 01:04:07]} {[%emt 00:02:41]} 15. Rf1 {[%clk 00:21:36]} {[%emt
00:08:48]} Re8 {[%clk 00:57:19]} {[%emt 00:07:16]} 16. Qxd3 {[%clk 00:17:39]}
{[%emt 00:04:28]} Bf5 {[%clk 00:49:23]} {[%emt 00:08:27]} 17. Qf3 {[%clk
00:14:39]} {[%emt 00:03:30]} Be4 {[%clk 00:47:47]} {[%emt 00:02:05]} 18. Qxf6+
{[%clk 00:11:51]} {[%emt 00:03:18]} gxf6 {[%clk 00:45:31]} {[%emt 00:02:46]}
19. Nd2 {[%clk 00:11:17]} {[%emt 00:01:04]} Bd3 {[%clk 00:42:13]} {[%emt
00:03:47]} 20. Rfe1 {[%clk 00:10:35]} {[%emt 00:01:12]} a5 {[%clk 00:39:31]}
{[%emt 00:03:12]} 21. a3 {[%clk 00:09:04]} {[%emt 00:02:01]} axb4 {[%clk
00:36:17]} {[%emt 00:03:44]} 22. cxb4 {[%clk 00:09:33]} c5 {[%clk 00:35:53]}
{[%emt 00:00:54]} 23. bxc5 {[%clk 00:03:42]} {[%emt 00:06:21]} Bxc5 {[%clk
00:35:36]} {[%emt 00:00:47]} 24. Nf3 {[%clk 00:01:57]} {[%emt 00:02:16]} Rxe1+
{[%clk 00:32:07]} {[%emt 00:04:00]} 25. Rxe1 {[%clk 00:01:59]} {[%emt
00:00:28]} Rc8 {[%clk 00:30:47]} {[%emt 00:01:49]} 26. g3 {[%clk 00:01:26]}
{[%emt 00:01:33]} Bb5 {[%clk 00:28:08]} {[%emt 00:03:39]} 27. Nh4 {[%clk
00:00:32]} {[%emt 00:01:25]} Bxf2+ {[%clk 00:27:28]} {[%emt 00:01:09]} 28. Kxf2
{[%clk 00:01:01]} Rc2+ {[%clk 00:27:49]} {[%emt 00:00:09]} 29. Ke3 {[%clk
00:01:06]} {[%emt 00:00:25]} Rxb2 {[%clk 00:28:08]} {[%emt 00:00:10]} 30. Nf5
{[%clk 00:01:22]} {[%emt 00:00:15]} Kg6 {[%clk 00:23:50]} {[%emt 00:04:48]} 31.
Nxd6 {[%clk 00:00:36]} {[%emt 00:01:16]} Bc6 {[%clk 00:24:01]} {[%emt
00:00:18]} 32. Nc4 {[%clk 00:00:32]} {[%emt 00:00:35]} Rxh2 {[%clk 00:23:54]}
{[%emt 00:00:37]} 33. Kd4 {[%clk 00:00:31]} {[%emt 00:00:31]} Rg2 {[%clk
00:23:05]} {[%emt 00:01:16]} 34. Re3 {[%clk 00:01:00]} {[%emt 00:00:03]} Kg5
{[%clk 00:20:18]} {[%emt 00:03:17]} 35. Na5 {[%clk 00:00:37]} {[%emt 00:00:53]}
Rd2+ {[%clk 00:18:51]} {[%emt 00:01:56]} 36. Kc3 {[%clk 00:01:06]} {[%emt
00:00:02]} Ra2 {[%clk 00:18:28]} {[%emt 00:00:52]} 37. Kd4 {[%clk 00:01:16]}
{[%emt 00:00:21]} Bg2 {[%clk 00:17:44]} {[%emt 00:01:14]} 38. Nc4 {[%clk
00:00:33]} {[%emt 00:01:14]} h5 {[%clk 00:17:08]} {[%emt 00:01:05]} 39. Nd6
{[%clk 00:00:32]} {[%emt 00:00:31]} Rd2+ {[%clk 00:16:44]} {[%emt 00:00:54]}
40. Rd3 {[%clk 00:00:32]} {[%emt 00:00:30]} Rxd3+ {[%clk 00:16:20]} {[%emt
00:00:54]} 41. Kxd3 {[%clk 00:27:55]} {[%emt 00:03:07]} Kg4 {[%clk 00:45:40]}
{[%emt 00:01:09]} 42. Ke2 {[%clk 00:17:30]} {[%emt 00:10:55]} Kxg3 {[%clk
00:45:34]} {[%emt 00:00:37]} 43. a4 {[%clk 00:14:42]} {[%emt 00:03:18]} Bc6
{[%clk 00:44:44]} {[%emt 00:01:20]} 44. a5 {[%clk 00:14:26]} {[%emt 00:00:45]}
h4 {[%clk 00:43:57]} {[%emt 00:01:16]} 45. Nf5+ {[%clk 00:13:31]} {[%emt
00:01:26]} Kg4 {[%clk 00:43:58]} {[%emt 00:00:29]} 46. Ne3+ {[%clk 00:11:43]}
{[%emt 00:02:18]} Kg5 {[%clk 00:39:53]} {[%emt 00:04:35]} 47. Kf2 {[%clk
00:09:07]} {[%emt 00:03:07]} Kf4 {[%clk 00:37:57]} {[%emt 00:02:24]} 48. Nf1
{[%clk 00:07:41]} {[%emt 00:01:57]} h3 {[%clk 00:35:20]} {[%emt 00:03:07]} 49.
Kg1 {[%clk 00:08:09]} {[%emt 00:00:01]} Bg2 {[%clk 00:34:47]} {[%emt 00:01:03]}
50. a6 {[%clk 00:05:50]} {[%emt 00:02:50]} bxa6 {[%clk 00:33:52]} {[%emt
00:01:25]} 51. Ng3 {[%clk 00:06:02]} {[%emt 00:00:18]} a5 {[%clk 00:33:24]}
{[%emt 00:00:58]} 52. Ne2+ {[%clk 00:06:02]} {[%emt 00:00:30]} Ke3 {[%clk
00:33:24]} {[%emt 00:00:29]} 0-1

[Event "ODJM A 2024"]
[Site "Willingen GER"]
[Date "2024.05.21"]
[Round "4"]
[White "Heimann, Alexander"]
[Black "Andrade, Ruben"]
[Result "1/2-1/2"]
[Termination "normal"]
[Board "31"]
[WhiteElo "1927"]
[BlackElo "1968"]
[WhiteClock "00:09:29"]
[BlackClock "00:07:56"]
[PlyCount "53"]
[WhiteFideId "16215346"]
[BlackFideId "16246829"]
[EventCountry "GER"]
[EventRounds "9"]
[EventType "swiss"]
[EventDate "2024.05.18"]

1. Nf3 {[%clk 01:30:55]} {[%emt 00:00:04]} d5 {[%clk 01:30:53]} {[%emt
00:00:08]} 2. e3 {[%clk 01:30:40]} {[%emt 00:00:44]} Nf6 {[%clk 01:31:16]}
{[%emt 00:00:07]} 3. b3 {[%clk 01:30:43]} {[%emt 00:00:27]} e6 {[%clk
01:31:36]} {[%emt 00:00:11]} 4. Bb2 {[%clk 01:30:58]} {[%emt 00:00:15]} Be7
{[%clk 01:31:39]} {[%emt 00:00:27]} 5. d4 {[%clk 01:30:46]} {[%emt 00:00:41]}
O-O {[%clk 01:31:15]} {[%emt 00:00:54]} 6. Bd3 {[%clk 01:31:00]} {[%emt
00:00:16]} b6 {[%clk 01:31:38]} {[%emt 00:00:07]} 7. O-O {[%clk 01:31:12]}
{[%emt 00:00:17]} Bb7 {[%clk 01:31:07]} {[%emt 00:01:01]} 8. Nbd2 {[%clk
01:30:59]} {[%emt 00:00:43]} c5 {[%clk 01:31:29]} {[%emt 00:00:09]} 9. c4
{[%clk 01:30:34]} {[%emt 00:00:54]} Nc6 {[%clk 01:30:49]} {[%emt 00:01:12]} 10.
Rc1 {[%clk 01:29:05]} {[%emt 00:01:58]} cxd4 {[%clk 01:29:21]} {[%emt
00:01:58]} 11. Nxd4 {[%clk 01:23:26]} {[%emt 00:06:08]} Nxd4 {[%clk 01:22:55]}
{[%emt 00:06:56]} 12. Bxd4 {[%clk 01:14:36]} {[%emt 00:09:20]} Ba3 {[%clk
01:05:00]} {[%emt 00:18:26]} 13. Rb1 {[%clk 01:14:32]} {[%emt 00:00:33]} Re8
{[%clk 00:55:20]} {[%emt 00:10:11]} 14. Nf3 {[%clk 00:57:46]} {[%emt 00:17:16]}
dxc4 {[%clk 00:43:32]} {[%emt 00:12:18]} 15. Bxc4 {[%clk 00:50:13]} {[%emt
00:08:03]} Be4 {[%clk 00:43:54]} {[%emt 00:00:07]} 16. Ra1 {[%clk 00:43:35]}
{[%emt 00:07:09]} a6 {[%clk 00:43:29]} {[%emt 00:00:56]} 17. Ne5 {[%clk
00:35:58]} {[%emt 00:08:05]} b5 {[%clk 00:40:22]} {[%emt 00:03:38]} 18. Bd3
{[%clk 00:35:50]} {[%emt 00:00:38]} Bxd3 {[%clk 00:34:22]} {[%emt 00:06:31]}
19. Qxd3 {[%clk 00:23:32]} {[%emt 00:12:46]} Rc8 {[%clk 00:34:17]} {[%emt
00:00:36]} 20. Qe2 {[%clk 00:21:22]} {[%emt 00:02:40]} Qc7 {[%clk 00:33:14]}
{[%emt 00:01:33]} 21. Rfd1 {[%clk 00:16:52]} {[%emt 00:05:00]} Bd6 {[%clk
00:28:07]} {[%emt 00:05:38]} 22. Qb2 {[%clk 00:12:51]} {[%emt 00:04:31]} Qe7
{[%clk 00:19:18]} {[%emt 00:09:19]} 23. a3 {[%clk 00:10:39]} {[%emt 00:02:43]}
Bc5 {[%clk 00:06:59]} {[%emt 00:12:49]} 24. Bxc5 {[%clk 00:09:53]} {[%emt
00:01:16]} Rxc5 {[%clk 00:07:21]} {[%emt 00:00:07]} 25. b4 {[%clk 00:09:52]}
{[%emt 00:00:31]} Rc7 {[%clk 00:07:42]} {[%emt 00:00:08]} 26. Rac1 {[%clk
00:09:53]} {[%emt 00:00:30]} Rec8 {[%clk 00:07:56]} {[%emt 00:00:16]} 27. Nd3
{[%clk 00:09:29]} {[%emt 00:00:54]} 1/2-1/2